000
00319nam a2200121Ia 4500
008
230411s9999 xx 000 0 und d
041
_a
eng
082
_a
B/612.015/INA/B00070
100
_a
Inamdar Madhuri
245
_a
Chemistry for Nurses
260
_b
Vora Medical Publications
_a
Mumbai
_c
2001
999
_c
151594
_d
151594